Prostná cvičení žen

Hlavní autor: Matějovec, Karel, 1889-1963
Další autoři: Matějovcová, Božena, 1892-1972
Jazyk: Nelze použít, není lingvistický obsah
Vydáno: Praha : Československá obec sokolská, 1946
Edice: Sokolská cvičení při hudbě
Fyzický popis: 7 s. + popis cvičení (17 s.)
Hudebniny Hudebniny
Uloženo v:
LEADER 00956ncm a22002412a 4500
001 001198477
003 CZ BrMZK
005 20131014155433.0
007 qu
008 120306s1946 xr |||||||||||||||||zxx d
040 |a BOA001  |b cze 
072 7 |a 785  |x Instrumentální hudba. Symfonická hudba. Hudba pro více nástrojů  |2 Konspekt  |9 9 
100 1 |a Matějovec, Karel,  |d 1889-1963  |7 jk01080678  |4 cmp 
245 1 0 |a Prostná cvičení žen  |h [hudebnina] /  |c Karel Matějovec ; sestavila Božena Matějovcová-Holečková 
260 |a Praha :  |b Československá obec sokolská,  |c 1946 
300 |a 7 s. +  |e popis cvičení (17 s.) 
490 1 |a Sokolská cvičení při hudbě ;  |v sv. 3 
700 1 |a Matějovcová, Božena,  |d 1892-1972  |7 jk01080676  |4 com 
830 0 |a Sokolská cvičení při hudbě 
910 |a BOA001  |b Mus4-0745.265 
990 |a MU 
991 |b 201203 
996 6 |b 2619080062  |c Mus4-0745.265  |l MZK  |r Sklad / do 1 hodiny  |n 0  |w 001232107  |u 000010  |a 1  |e BOA001  |j MZK50  |s P